La formación de la clase obrera en Inglaterra.

Gorde:
Xehetasun bibliografikoak
Egile nagusia: Thompson, Edward Palmer (autor)
Beste egile batzuk: Domènech, Antoni (prólogo), Hobsbawm, Eric (prefacio)
Formatua: Ezezaguna
Hizkuntza:ingelesa
Argitaratua: Madrid, España: Capitán Swing, 2012.
Edizioa:1a. edición.
Saila:Colección Entrelíneas.
Gaiak:
Etiketak: Etiketa erantsi
Etiketarik gabe, Izan zaitez lehena erregistro honi etiketa jartzen!

MARC

LEADER 00000 a2200000 4500
003 CL-VaPUC
005 20240820103145.0
008 220902t2012 ||||| |||| 00| 0 eng d
020 |a 978-84-940279-3-2 
040 |c Pontificia Universidad Católica de Valparaíso 
082 7 |a 305.562 THO 2012  |2 22 
100 |a Thompson, Edward Palmer  |9 861207  |e autor 
245 |a La formación de la clase obrera en Inglaterra. 
250 |a 1a. edición.  
260 |a Madrid, España:   |b Capitán Swing,   |c 2012. 
300 |a 925 páginas.  
490 |a Colección Entrelíneas.  
583 |k Cristina María Rojas Aguilar  |c 20220902 
650 0 |9 876202  |a Clase trabajadora   |x Historia   |y S. XIX   |z Inglaterra  
650 0 |a Clase obrera  |x Surgimiento y formación   |y S. XIX   |9 317035 
650 0 |9 269152  |a Proletariado  |x Historia social   |z Inglaterra  
651 0 |9 256767  |a Gran Bretaña  |x Situación social  |x Historia   |y S. XIX  
700 |9 876207  |a Domènech, Antoni  |e prólogo  
700 |9 500134  |a Hobsbawm, Eric   |e prefacio 
942 |2 ddc  |c BK 
999 |c 436382  |d 436380 
952 |0 0  |1 0  |2 ddc  |4 0  |6 305_562000000000000_THO_2012  |7 0  |8 A  |9 586538  |a BIBHIS  |b BIBHIS  |c GEN  |d 2022-08-31  |e 3  |g 39290.00  |i 5654489  |l 9  |m 7  |o 305.562 THO 2012  |p 5654489  |r 2025-05-05  |s 2025-04-15  |t 1  |v 39290.00  |w 2022-08-31  |y BK  |k HIS